100 Most Visited Cities in the World (Euromonitor) - Statistics

General Stats
  • This quiz has been taken 544 times
  • The average score is 67 of 100
Answer Stats
International Visitors City Country % Correct
19.2 mil London United Kingdom
98%
17.5 mil Paris France
98%
4 mil Beijing China
97%
13.6 mil New York City United States
97%
15.9 mil Dubai United Arab Emirates
96%
10 mil Rome Italy
96%
18.5 mil Singapore Singapore
96%
9.9 mil Tokyo Japan
96%
24.1 mil Bangkok Thailand
95%
13.4 mil Istanbul Turkey
94%
5.9 mil Berlin Germany
93%
12.6 mil Delhi India
93%
5.7 mil Athens Greece
92%
8.3 mil Amsterdam Netherlands
91%
6.5 mil Barcelona Spain
91%
3.5 mil Lisbon Portugal
91%
5.4 mil Madrid Spain
91%
5.5 mil Moscow Russia
91%
7.2 mil Shanghai China
91%
5.7 mil Cairo Egypt
90%
6.4 mil Milan Italy
90%
8.4 mil Seoul South Korea
90%
29.2 mil Hong Kong China
89%
10.5 mil Mumbai India
89%
8.9 mil Prague Czech Republic
89%
4 mil Sydney Australia
89%
3.9 mil Brussels Belgium
88%
6.3 mil Vienna Austria
88%
3.8 mil Budapest Hungary
87%
5.2 mil Dublin Ireland
87%
3.8 mil Jerusalem Israel
87%
13.4 mil Kuala Lumpur Malaysia
87%
6.4 mil Los Angeles United States
87%
4.6 mil Hanoi Vietnam
86%
3.9 mil St Petersburg Russia
86%
7.8 mil Miami United States
85%
4.5 mil Toronto Canada
85%
2.8 mil Warsaw Poland
85%
4 mil Jakarta Indonesia
84%
4 mil Munich Germany
84%
9.5 mil Taipei Taiwan
84%
5.5 mil Venice Italy
83%
2.6 mil Buenos Aires Argentina
82%
3 mil Copenhagen Denmark
82%
7.5 mil Osaka Japan
82%
2.9 mil San Francisco United States
82%
9.5 mil Mecca Saudi Arabia
81%
2.7 mil Tel Aviv Israel
81%
2.8 mil Melbourne Australia
80%
2.6 mil Stockholm Sweden
80%
2.5 mil Lima Peru
79%
7.1 mil Ho Chi Minh City Vietnam
78%
2.2 mil Rio de Janeiro Brazil
78%
5.2 mil Riyadh Saudi Arabia
78%
2.4 mil Abu Dhabi United Arab Emirates
77%
4.1 mil Johannesburg South Africa
77%
3.2 mil Vancouver Canada
77%
5 mil Florence Italy
76%
2.7 mil Auckland New Zealand
74%
9 mil Guangzhou China
74%
2.8 mil Kolkata India
72%
2.6 mil Frankfurt Germany
70%
2.3 mil Porto Portugal
70%
2.7 mil Krakow Poland
69%
3.2 mil Kyoto Japan
68%
7.4 mil Las Vegas United States
64%
8.5 mil Medina Saudi Arabia
64%
2.4 mil Nice France
64%
6 mil Cancun Mexico
63%
6.4 mil Chennai India
61%
18.9 mil Macau China
61%
5.5 mil Orlando United States
61%
12.4 mil Antalya Turkey
58%
2.2 mil Bangalore India
58%
2.8 mil Marrakech Morocco
58%
10.5 mil Phuket Thailand
58%
12.2 mil Shenzhen China
54%
8.1 mil Agra India
44%
2.7 mil Honolulu United States
41%
3.3 mil Heraklion Greece
38%
6.7 mil Denpassar Indonesia
35%
6 mil Jaipur India
33%
3.1 mil Chiang Mai Thailand
32%
9.6 mil Pattaya Thailand
31%
3.4 mil Dammam Saudi Arabia
27%
2.5 mil Da Nang Vietnam
27%
2.4 mil Fukuoka Japan
25%
2.3 mil Rhodes Greece
25%
2.3 mil Jeju South Korea
20%
6.3 mil Johor Bahru Malaysia
18%
5.2 mil Ha Long Vietnam
13%
2.7 mil Hurghada Egypt
11%
2.2 mil Krabi Thailand
10%
2.8 mil Cebu City Philippines
6%
2.4 mil Batam Indonesia
3%
2.6 mil Chiba Japan
3%
2.7 mil Guilin China
3%
2.7 mil Mugla Turkey
3%
3.2 mil Zhuhai China
3%
3.4 mil Penang Island Malaysia
1%
No matching quizzes found
Score Distribution
Percent of People with Each Score
Percentile by Number Answered
Your Score History
You have not taken this quiz